Hajo, ringkus dan ganjang kontra revolusi. (Record no. 62152)

MARC details
000 -LEADER
fixed length control field 00636cam a22001931 4500
001 - CONTROL NUMBER
control field sa 65001671
003 - CONTROL NUMBER IDENTIFIER
control field DLC
005 - DATE AND TIME OF LATEST TRANSACTION
control field 20260227112110.0
008 - FIXED-LENGTH DATA ELEMENTS--GENERAL INFORMATION
fixed length control field 890913s1963 io 000 0 ind
010 ## - LIBRARY OF CONGRESS CONTROL NUMBER
LC control number sa 65001671
035 ## - SYSTEM CONTROL NUMBER
System control number (OCoLC)23536701
040 ## - CATALOGING SOURCE
Original cataloging agency DLC
Transcribing agency MiU
Modifying agency DLC
042 ## - AUTHENTICATION CODE
Authentication code premarc
050 00 - LIBRARY OF CONGRESS CALL NUMBER
Classification number DS644.2.1963
Item number .A7
100 1# - MAIN ENTRY--PERSONAL NAME
Personal name Aidit, D. N.,
Dates associated with a name 1923-1965.
245 10 - TITLE STATEMENT
Title Hajo, ringkus dan ganjang kontra revolusi.
Remainder of title Pidato ulangtahun ke 13 PKI, diutjapkan di Istana Olah Raga "Gelora Bung Karno" pada tanggal 26 Mei 1963, oleh D. N. Aidit.
260 ## - PUBLICATION, DISTRIBUTION, ETC.
Place of publication, distribution, etc. Djakarta,
Name of publisher, distributor, etc. Jajasan Pembaruan,
Date of publication, distribution, etc. 1963.
300 ## - PHYSICAL DESCRIPTION
Extent 31 p.
Dimensions 21 cm.

No items available.

Powered by Koha